Informe del Grupo de Trabajo sobre Estadísticas Industriales
Guardado en:
| Autor Corporativo: | |
|---|---|
| Formato: | Texto |
| Publicado: |
Santiago:
CEPAL
|
| Etiquetas: |
Agregar Etiqueta
Sin Etiquetas, Sea el primero en etiquetar este registro!
|
MARC
| LEADER | 00000 a a2200000 04500 | ||
|---|---|---|---|
| 001 | 19241 | ||
| 003 | |||
| 040 | |||
| 090 | |a 019600 | ||
| 110 | |a CEPAL | ||
| 245 | |a Informe del Grupo de Trabajo sobre Estadísticas Industriales | ||
| 260 | |a Santiago: |b CEPAL | ||
| 300 | |a 29 p. | ||
| 999 | |c 14394 |d 14394 | ||
